| 000 | 00000nam##2200000za#4500 |
| 001 | 9.691485 |
| 003 | CaOODSP |
| 005 | 20241203113636 |
| 007 | cr ||||||||||| |
| 008 | 150407|2008||||xxc|||||o f|0| 0 eng|d |
| 020 | |a978-1-100-10890-2 |
| 040 | |aCaOODSP|beng |
| 043 | |an-cn--- |
| 086 | 1 |aEn4-97/2008E-PDF |
| 110 | 1 |aCanada. |bEnvironment Canada. |
| 245 | 10|aGeorgia Basin Action Plan - five-year update, 2003–2008 |h[electronic resource] |
| 260 | |aVancouver - British Columbia : |bEnvironment Canada |cc2008. |
| 300 | |a32p.|bfigs., graphs, map, photographs |
| 590 | |a09-40|b2009-10-02 |
| 690 | 07|aEnvironmental protection|2gcpds |
| 690 | 07|aSustainable development|2gcpds |
| 775 | 08|tPlan d'action du bassin de Georgia - mise à jour quinquennale 2003-2008 |w(CaOODSP)9.635813 |
| 856 | 40|ahttp://publications.gc.ca|qPDF|s5236 KB|uhttps://publications.gc.ca/collections/collection_2009/ec/En4-97-2008E.pdf |